Business to business marketing / (Record no. 1363)
[ view plain ]
| 000 -LEADER | |
|---|---|
| fixed length control field | 00613nam a22002052 4500 |
| 001 - CONTROL NUMBER | |
| control field | 0000024114 |
| 005 - DATE AND TIME OF LATEST TRANSACTION | |
| control field | 20151021151148.0 |
| 008 - FIXED-LENGTH DATA ELEMENTS--GENERAL INFORMATION | |
| fixed length control field | 130611s xx 000 0 eng d |
| 020 ## - INTERNATIONAL STANDARD BOOK NUMBER | |
| International Standard Book Number | 8122421466 : |
| 040 ## - CATALOGING SOURCE | |
| Original cataloging agency | KABU |
| Transcribing agency | KABU |
| 100 1# - MAIN ENTRY--PERSONAL NAME | |
| Personal name | Mathur, U. C. |
| -- | 0000184091 |
| 245 10 - TITLE STATEMENT | |
| Title | Business to business marketing / |
| Statement of responsibility, etc. | U. C. Mathur. |
| 250 ## - EDITION STATEMENT | |
| Edition statement | 1st ed. |
| 260 ## - PUBLICATION, DISTRIBUTION, ETC. (IMPRINT) | |
| Place of publication, distribution, etc. | New Delhi : |
| Name of publisher, distributor, etc. | New Age International, |
| Date of publication, distribution, etc. | 2008. |
| 300 ## - PHYSICAL DESCRIPTION | |
| Extent | XIV, 589 p. |
| 650 #0 - SUBJECT ADDED ENTRY--TOPICAL TERM | |
| Topical term or geographic name as entry element | Industrial marketing. |
| -- | 0000151423 |
| 852 1# - LOCATION | |
| -- | p1150 KES |
| 908 ## - PUT COMMAND PARAMETER (RLIN) | |
| Put command parameter | 130611 |
| 950 ## - LOCAL HOLDINGS (RLIN) | |
| -- | 1 |
| Withdrawn status | Lost status | Source of classification or shelving scheme | Not for loan | Home library | Current library | Date acquired | Total Checkouts | Full call number | Barcode | Date last seen | Date last checked out | Price effective from | Koha item type |
|---|---|---|---|---|---|---|---|---|---|---|---|---|---|
| Library of Congress Classification | Kabarak, Main Campus | Kabarak, Main Campus | 17/12/2015 | 3 | HF5415.1263 .M38 2008 c. 1 | 015308 | 13/07/2017 | 06/06/2017 | 17/12/2015 | General Collection | |||
| Library of Congress Classification | Kabarak, Nakuru City Campus | Kabarak, Nakuru City Campus | 21/10/2015 | 3 | HF5415.1263 .M38 2008 c. 1 | 015532 | 04/12/2018 | 05/11/2018 | 21/10/2015 | General Collection |